|
|
|
|
| LEADER |
00000nam a22000007a 4500 |
| 005 |
20220812011028.0 |
| 007 |
cr|||| |||| |
| 008 |
220812s2020 br |||||s|||| 00||0 por d |
| 020 |
|
|
|a 9788593741852
|
| 035 |
|
|
|a 36811
|
| 040 |
|
|
|a vLex
|
| 090 |
|
|
|c 13685
|d 13685
|
| 100 |
1 |
|
|a Valverde Terra, Aline de Miranda
|
| 245 |
1 |
0 |
|a Inexecuȯ̂ das obrigaė̳s
|h [Recurso electrn̤ico] :
|b pressupostos, evoluȯ̂ e remďios /
|c Aline de Miranda Valverde Terra, Gisela Sampaio da Cruz Guedes
|n Volume I
|
| 256 |
|
|
|a Servicio en ln̕ea
|
| 260 |
|
|
|a Rio de Janeiro:
|b Editora Processo,
|c 2020
|
| 300 |
|
|
|a 1 recurso electrn̤ico
|
| 500 |
|
|
|a Esta obra coletiva nasce a partir de profc̕uo debate realizado no ḿbito de disciplina intitulada 'Inexecuȯ̂ das Obrigaė̳s', ministrada por estas Coordenadoras no Programa de Ps̤-Graduaȯ̂ Stricto Sensu da Universidade do Estado do Rio de Janeiro – UERJ. Aos artigos produzidos pelos mestrandos e doutorandos, juntaram-se diversos outros elaborados por Professores convidados, vincula dos a mais de oito Instituiė̳s de Ensino Superior das Regie̳s Sul, Sudeste e Nordeste do pas̕, alm̌ de outros tantos redigidos por advogados experimentados no tema central da obra.
|
| 506 |
1 |
|
|a Disponible solo en los productos indicados
|d vLex Global
|d vLex Global (Academic Edition, excluding Law Schools)
|d vLex Global (U.S. Academic Edition, Law Schools)
|d vLex Global (U.S. Academic Edition, excluding Law Schools)
|d vLex Global (Academic Edition, Law Schools)
|
| 650 |
0 |
4 |
|a Derecho Civil
|z Brasil
|
| 700 |
1 |
|
|a Sampaio da Cruz Guedes, Gisela
|
| 740 |
0 |
|
|a vLex Libros (Servicio en ln̕ea)
|
| 856 |
4 |
0 |
|u https://app.vlex.com/#/sources/36811
|z Acceso restringido
|
| 942 |
|
|
|c BOOK
|
| 999 |
0 |
|
|a Civil Law
|